000
00252nam a2200109 4500
008
160629b xxu||||| |||| 00| 0 eng d
100
_9
1327
_a
Sharma., et al
245
_a
Biology
260
_a
N.D
_b
Arya
_c
2005
300
_a
Biology
942
_2
ddc
_c
BK
999
_c
1085
_d
1085